ბათუმის შოთა რუსთაველის სახელმწიფო უნივერსიტეტის ბიბლიოთეკა

განვითარებადი ქვეყნების სოცალურ-ეკონომიკური პრობლემები გლობალიზაციის პირობებში და მათი დაძლევის გზები. (ბიბ.ჩანაწერი № 42506)

000 -LEADER
fixed length control field 01182nam a2200229Ia 4500
001 - CONTROL NUMBER
control field 9203
003 - CONTROL NUMBER IDENTIFIER
control field GE_BSU
008 - FIXED-LENGTH DATA ELEMENTS--GENERAL INFORMATION
fixed length control field 181216s||||||||xx |||||||||||||| ||und||
020 ## - INTERNATIONAL STANDARD BOOK NUMBER
International Standard Book Number 9789941936814.
040 ## - CATALOGING SOURCE
Transcribing agency GE_BSU
080 ## - UNIVERSAL DECIMAL CLASSIFICATION NUMBER
Universal Decimal Classification number 316.42+339.924
100 ## - MAIN ENTRY--PERSONAL NAME
Personal name გორგაძე,გიორგი
245 ## - TITLE STATEMENT
Title განვითარებადი ქვეყნების სოცალურ-ეკონომიკური პრობლემები გლობალიზაციის პირობებში და მათი დაძლევის გზები.
245 ## - TITLE STATEMENT
Statement of responsibility, etc. რედ:ნანული არევაძე
260 ## - PUBLICATION, DISTRIBUTION, ETC.
Place of publication, distribution, etc. თბილისი.
260 ## - PUBLICATION, DISTRIBUTION, ETC.
Name of publisher, distributor, etc. გამ-ბა სვეტი.
260 ## - PUBLICATION, DISTRIBUTION, ETC.
Date of publication, distribution, etc. 2014
300 ## - PHYSICAL DESCRIPTION
Extent 178გვ;20სმ.
300 ## - PHYSICAL DESCRIPTION
Other physical details ბიბლოიგრაფ.გვ:158-177
653 ## - INDEX TERM--UNCONTROLLED
Uncontrolled term განვითარებადი ქვეყნების სოცალურ-ეკონომიკური პრობლემები გლობალიზაციის პირობებში და მათი დაძლევის გზები.
942 ## - ADDED ENTRY ELEMENTS (KOHA)
Koha item type წიგნი
ეგზემპლარები
Withdrawn status Lost status Damaged status Not for loan Date acquired Barcode Date last seen Price effective from Koha item type
        2018-12-17 32138 2018-12-17 2018-12-17 წიგნი